Negotiation / (Record no. 188183)

MARC details
000 -LEADER
fixed length control field 00682nam a2200229Ia 4500
003 - CONTROL NUMBER IDENTIFIER
control field OSt
005 - DATE AND TIME OF LATEST TRANSACTION
control field 20260128165127.0
008 - FIXED-LENGTH DATA ELEMENTS--GENERAL INFORMATION
fixed length control field 210716s2010 xx 000 0 und d
020 ## - INTERNATIONAL STANDARD BOOK NUMBER
International Standard Book Number 9780070611146
040 ## - CATALOGING SOURCE
Transcribing agency AIMIT LIBRARY
041 ## - LANGUAGE CODE
Language code of text/sound track or separate title eng
082 ## - DEWEY DECIMAL CLASSIFICATION NUMBER
Classification number 658.3154
Item number LEWR
100 ## - MAIN ENTRY--PERSONAL NAME
Personal name Lewicki, Roy J.
9 (RLIN) 253019
245 ## - TITLE STATEMENT
Title Negotiation /
Statement of responsibility, etc. By Roy J Lewicki ; David M Saunders ; Bruce Barry.
250 ## - EDITION STATEMENT
Edition statement 5th ed.
260 ## - PUBLICATION, DISTRIBUTION, ETC.
Place of publication, distribution, etc. New Delhi :
Name of publisher, distributor, etc. Tata McGraw Hill Publishing Company Ltd ,
Date of publication, distribution, etc. 2010.
300 ## - PHYSICAL DESCRIPTION
Extent xix,597p. ;
Other physical details PB
Dimensions 24cm
650 ## - SUBJECT ADDED ENTRY--TOPICAL TERM
Topical term or geographic name entry element Strategy and Planning.
9 (RLIN) 253020
700 ## - ADDED ENTRY--PERSONAL NAME
Personal name Saunders, David M.
9 (RLIN) 253021
700 ## - ADDED ENTRY--PERSONAL NAME
Personal name Barry, Bruce.
9 (RLIN) 253022
942 ## - ADDED ENTRY ELEMENTS (KOHA)
Source of classification or shelving scheme Dewey Decimal Classification
Koha item type Book
Holdings
Withdrawn status Lost status Damaged status Not for loan Collection code Home library Current library Date acquired Source of acquisition Total Checkouts Full call number Barcode Date last seen Price effective from Koha item type
        MCA St Aloysius Institute of Management & Information Technology St Aloysius Institute of Management & Information Technology 07/16/2021 Donated   658.3154 LEWR MCA07691 07/21/2025 07/16/2021 Book